Божественные бомжатники (Опыт метральной рефлексии). Максимы (Опыт рефлексии осознания)

Detalles Bibliográficos
Autor Principal: Кутолин С. Сергей
Idioma:ruso
Publicado: Новосибирск, Chem. Lab. NCD, 2005
Subjects:
Formato: Libro
KOHA link:https://koha.lib.tpu.ru/cgi-bin/koha/opac-detail.pl?biblionumber=72634

MARC

LEADER 00000nam0a2200000 4500
001 72634
005 20231031083722.0
010 |a 576160150Y 
035 |a (RuTPU)RU\TPU\book\77461 
090 |a 72634 
100 |a 20050128d2005 m y0rusy50 ca 
101 0 |a rus 
102 |a RU 
105 |a y z 001ay 
200 1 |a Божественные бомжатники (Опыт метральной рефлексии). Максимы (Опыт рефлексии осознания)  |f С. Кутолин 
210 |a Новосибирск  |c Chem. Lab. NCD  |d 2005 
215 |a 103 с. 
320 |a Алфавитный указатель: с. 101-102. 
610 1 |a русская литература 
610 1 |a драма 
610 1 |a драматургия 
610 1 |a поэзия 
675 |a Р2  |v 3 
700 1 |a Кутолин  |b С.  |g Сергей 
801 1 |a RU  |b 63413507  |c 20050128  |g PSBO 
801 2 |a RU  |b 63413507  |c 20050202  |g PSBO 
942 |c BK